Biblioteca y Centro de Documentación

Vista normal Vista MARC

Entrada Nombre corporativo

Número de registros utilizados en: 5

001 - NÚMERO DE CONTROL

  • Campo de control: 1924

003 - IDENTIFICADOR DE NÚMERO DE CONTROL

  • Campo de control: ES-MaCES

005 - FECHA Y HORA DE LA ULTIMA MODIFICACION

  • Campo de control: 20061122134200.0

008 - ELEMENTOS DE DATOS DE LONGITUD FIJA

  • Campo de longitud fija: 000327 | azznnaabn || ana d

035 ## - NÚMERO DE CONTROL DEL SISTEMA

  • Número de control del sistema: CES20000001214e

040 ## - FUENTE DE LA CATALOGACIÓN

  • Agencia original de catalogación: ES-MaCES
  • Idioma de catalogación: spa
  • Agencia de transcripción: ES-MaCES

110 2# - ENCABEZAMIENTO--NOMBRE CORPORATIVO

  • Nombre corporativo o de jurisdicción como elemento de entrada: Centro Latinoamericano y Caribeño de Demografía

410 2# - TRAZADO VEÁSE--NOMBRE CORPORATIVO

  • Nombre corporativo o de jurisdicción como elemento de entrada: CELADE

410 2# - TRAZADO VEÁSE--NOMBRE CORPORATIVO

  • Nombre corporativo o de jurisdicción como elemento de entrada: Centro Latinoamericano y Caribeño de Demografía
  • Unidad subordinada: División de Población

410 2# - TRAZADO VEÁSE--NOMBRE CORPORATIVO

  • Nombre corporativo o de jurisdicción como elemento de entrada: Centro Lationamericano de Demografía

670 ## - FUENTE DE DATOS ENCONTRADOS

  • Fuente de citación: www.eclac.cl/celade

901 ## - CES. DATOS SIRTEX

  • ID Sirtex (N5N8): 0001800004399
  • 005BIS Sirtex: 200003271024ALORITE
© CES, Consejo Económico y Social de España 2021